Statistics for Fast Food Logos Quiz

Click here to take the quiz!

General Stats

  • This quiz has been taken 180,645 times
    (180,355 since last reset)
  • The average score is 14 of 20

Answer Stats

Answer% Correct
McDonald's
99%
KFC
98%
Subway
97%
Starbucks
96%
Burger King
95%
Taco Bell
95%
Pizza Hut
90%
Wendy's
90%
Dunkin' Donuts
89%
Chick-fil-A
74%
In-N-Out
67%
Panda Express
67%
Arby's
63%
Sonic
57%
Dairy Queen
49%
Carl's Jr.
46%
White Castle
45%
Jack in the Box
42%
Panera
37%
Whataburger
35%

Score Distribution

Percentile by Number Answered

Percent of People with Each Score

Your Score History

You have not taken this quiz since the last reset